Find the odd person out - Statistics

General Stats
  • This quiz has been taken 41 times
  • The average score is 5 of 10
Answer Stats
Question Answer % Correct
Fictional detectives Lando Calrissian
100%
European Polymaths Benjamin Franklin
80%
Track athletes Shohei Ohtani
80%
Singers without a Grammy award Harry Styles
60%
French painters Raphael
60%
US Presidents Robert Borden
60%
British writers Victor Hugo
60%
Leader who ruled Rome Alexander the great
20%
Football players Chamara Silva
20%
Friends series cameos Nicole Kidman
0%
No matching quizzes found
Score Distribution
Percent of People with Each Score
Percentile by Number Answered
Your Score History
You have not taken this quiz